Statutory report, Agricultural Credit Department, Maharashtra (Record no. 427313)

000 -LEADER
fixed length control field 00408cam a22001097a 4500
008 - FIXED-LENGTH DATA ELEMENTS--GENERAL INFORMATION
fixed length control field 180718b1937 xxu||||| |||| 00| 0 eng d
082 ## - DEWEY DECIMAL CLASSIFICATION NUMBER
Classification number Z442x54 R311a
245 ## - TITLE STATEMENT
Title Statutory report, Agricultural Credit Department, Maharashtra
Statement of responsibility, etc. by Agricultural Credit Department, Maharashtra
260 ## - PUBLICATION, DISTRIBUTION, ETC.
Place of publication, distribution, etc. Bombay
Name of publisher, distributor, etc. Agricultural Credit Department
Date of publication, distribution, etc. 1937
300 ## - PHYSICAL DESCRIPTION
Extent 71+p.
700 ## - ADDED ENTRY--PERSONAL NAME
Personal name Maharashtra. Agricultural Credit Department
Holdings
Withdrawn status Lost status Damaged status Not for loan Permanent Location Current Location Date acquired Full call number Barcode Date last seen Price effective from Koha item type
        Indian Institute of Public Administration Indian Institute of Public Administration 2009-11-16 Z442x54 R311a 21235 2018-07-21 2018-07-21 Book

Powered by Koha